000 00557nam a2200193Ia 4500
005 20260120124618.0
008 008 260114s9999 xx 000 0 eng d
020 _a9780444529992
037 _aEBOOK
040 _aCRL
_beng
_cCRL
041 _aeng
_2eng
084 _qCRL
245 0 _aEuropean Union and the Euro Revolution
260 _bEmerald Publishing
_c2007
700 _aManoranjan Dutta
_9908381
856 _uhttps://www.emerald.com/insight/publication/doi/10.1108/S0573-8555(2007)283
942 _cEBOOK
999 _c1500275
_d1500275